The national affordable housing programme (Record no. 106895)

MARC details
000 -LEADER
fixed length control field 01221cad a22002175a 4500
001 - CONTROL NUMBER
control field L137754
008 - FIXED-LENGTH DATA ELEMENTS--GENERAL INFORMATION
fixed length control field 070427e20071104xxk f f000 0 eng d
035 ## - SYSTEM CONTROL NUMBER
System control number (Sirsi) u137754
041 0# - LANGUAGE CODE
Language code of text/sound track or separate title eng
110 2# - MAIN ENTRY--CORPORATE NAME
Corporate name or jurisdiction name as entry element Housing Corporation
245 04 - TITLE STATEMENT
Title The national affordable housing programme
Remainder of title 2008-11 pre-prospectus
Medium [electronic resource]
260 ## - PUBLICATION, DISTRIBUTION, ETC.
Place of publication, distribution, etc. London
Name of publisher, distributor, etc. HC
Date of publication, distribution, etc. 2007
520 ## - SUMMARY, ETC.
Summary, etc. Outlines how the Corporation plans to increase efficiencies in its investment processes. Describes the framework for the bidding round of the Programme. Launches and describes how to apply for pre-qualification as investment partners, and the criteria which are used for assessment. This process is open to both Registered Social Landlords and private sector providers. Sets out the Specialist Provision route for 2008-11, along with policy priorities for bidders to consider.
590 ## - LOCAL NOTE (RLIN)
Local note KA
610 24 - SUBJECT ADDED ENTRY--CORPORATE NAME
Corporate name or jurisdiction name as entry element Housing Corporation
650 24 - SUBJECT ADDED ENTRY--TOPICAL TERM
Topical term or geographic name entry element Affordable housing
9 (RLIN) 6215
651 #4 - SUBJECT ADDED ENTRY--GEOGRAPHIC NAME
Geographic name England and Wales
Chronological subdivision 1543-
690 ## - LOCAL SUBJECT ADDED ENTRY--TOPICAL TERM (OCLC, RLIN)
Topical term or geographic name as entry element PROPERTY-RESIDENTIAL PROPERTY-RESIDENTIAL PROPERTY FINANCE AND INVESTMENT
856 40 - ELECTRONIC LOCATION AND ACCESS
Uniform Resource Identifier <a href="https://www.housingcorp.gov.uk/server/show/nav.440">https://www.housingcorp.gov.uk/server/show/nav.440</a>
Public note View the item free of charge at www.housingcorp.gov.uk...
942 ## - ADDED ENTRY ELEMENTS (KOHA)
Suppress in OPAC 0
Holdings
Withdrawn status Lost status Source of classification or shelving scheme Damaged status Not for loan Home library Current library Shelving location Date acquired Total Checkouts Full call number Barcode Date last seen Copy number Price effective from Koha item type
    Dewey Decimal Classification     Virtual Virtual Online 27/04/2007   ONLINE PUBLICATION 137754-2001 06/08/2019 1 06/08/2019 Book